Zabezpečiť dynamiku rozvoja ekonomiky Správa predsedníctva SKV KSS o vývoji hospodárstva v roku 1981 a príprave plánu na rok 1982..

Bibliographic Details
Main Author: Cipov, Ján (Author)
Format: Article
Language:Slovak
PhysicalDescription:Obr. 2.
Subjects:

MARC

LEADER 00000nab a2200000 a 4500
001 vtls000102280
003 SK-MaSNL
005 20260305042347.0
008 111104c1981 xo 0 slo
015 |a SNBRB19rr/mm-uuuuu 
035 |a CL0112383 
040 |a SNKBUCL  |b slo  |c SNKBUCL  |e AACR2 
041 0 |a slo 
044 |a xo  |c SK 
080 |a 329.15(437.6)  |2 1981 
100 1 |a Cipov, Ján  |4 aut  |9 808219 
245 1 0 |a Zabezpečiť dynamiku rozvoja ekonomiky  |b Správa predsedníctva SKV KSS o vývoji hospodárstva v roku 1981 a príprave plánu na rok 1982..  |c Ján Cipov 
300 |b Obr. 2. 
650 0 7 |a KSS KV  |2 snkbucl  |9 1003290 
651 7 |a 5300  |2 snkbucl  |9 279425 
651 7 |a 5301  |2 snkbucl  |9 893756 
651 7 |a Stredoslovenský kraj (Slovensko)  |2 snkbucl  |9 161135 
655 7 |a články z novín a časopisov  |2 snkbucl  |9 267496 
773 0 |t Smer  |g Roč. 33, č. 302 (22. 12. 1981), s. 4-6 
850 |a Slovenská národná knižnica v Martine  |a MTA001 
852 |a SNK  |b KIS3GCP 
958 |a RK 
992 |a RBX 
999 |c 3348688  |d 3350618